• 首页
  • 本馆介绍
  • 公告通知
  • 最新文献
  • 馆藏检索
  • 电子资源
  • 读者导购
  • 参考咨询
  • 我的图书馆
  • 登录
  • 详细信息显示
  • 放入我的书架
  • 预约/预借图书
  • 作者相关作品
  • 分类相关作品
  • 丛书相关作品
  • 出版社相关作品

书目信息

  • 表格格式
  • 工作单格式
  • 卡片格式
题名:
中国近代思想家文库
    
 
作者: 戴逸 主编 ;张荣华 编
分册:   钱玄同卷
出版信息: 北京   中国人民大学出版社  2015
页数: 10,338页
开本: 23cm
丛书名:
单 册:
中图分类: B250.5 , C52
科图分类:
主题词: 思想史--si xiang shi--研究--中国--近代
电子资源:
ISBN: 978-7-300-20641-7
000 01236nam0 22003011 450
001 1761056464
005 20170620172333.84
010    @a978-7-300-20641-7@dCNY54.00
100    @a20150409d2015 em y0chiy50 ea
101 0  @achi
102    @aCN@b110000
105    @ay z 000yd
106    @ar
200 1  @a中国近代思想家文库@9zhong guo jin dai si xiang jia wen ku@i钱玄同卷@f张荣华编
210    @a北京@c中国人民大学出版社@d2015
215    @a10,338页@d23cm
300    @a国家出版基金项目
314    @a主编:戴逸
330    @a本书收入钱氏一生中具有典范性和影响力的论文、时评、杂文、书札、序跋等四十余篇,另有一部音韵学专著的节录,涵括了他在留学日本期间及新文学运动、新文化运动、国语运动、整理国故运动等不同历史时期留下的文字,内容涉及白话文学、汉字改革、国语统一、古史经学和小学音韵等诸多方面,力求较为完整地彰显钱玄同的思想、学问、人格及其应有的历史地位。
517 1  @a钱玄同卷@9qian xuan tong juan
600  0 @a钱玄同@9qian xuan tong@f(1887-1939)@j文集
606 0  @a思想史@9si xiang shi@x研究@y中国@z近代
690    @aB250.5@v5
690    @aC52@v5
701  0 @a戴逸@9dai yi@f(1926~)@4主编
702  0 @a张荣华@9zhang rong hua@c(历史)@4编
801  0 @aCN@b百万庄@c20170619
905    @b1014159-64@dB250.5@e64:22@f6
    
    中国近代思想家文库.钱玄同卷/张荣华编 .-北京:中国人民大学出版社,2015
    10,338页;23cm
    国家出版基金项目
    
    ISBN 978-7-300-20641-7:CNY54.00
    本书收入钱氏一生中具有典范性和影响力的论文、时评、杂文、书札、序跋等四十余篇,另有一部音韵学专著的节录,涵括了他在留学日本期间及新文学运动、新文化运动、国语运动、整理国故运动等不同历史时期留下的文字,内容涉及白话文学、汉字改革、国语统一、古史经学和小学音韵等诸多方面,力求较为完整地彰显钱玄同的思想、学问、人格及其应有的历史地位。
●
相关链接 在E读中查询图书 在五车中查询图书 在当当中查询图书 在豆瓣中查询图书


正题名:中国近代思想家文库     索取号:B250.5/64:22         预约/预借

序号 登录号 条形码 馆藏地/架位号 状态 备注
1 1014159   210141595   第一样本阅览室/ [索取号:B250.5/64:22] 在馆    
2 1014160   210141602   教育系资料室/ [索取号:B250.5/64:22] 在馆    
3 1014161   210141611   教育系资料室/ [索取号:B250.5/64:22] 在馆    
4 1014162   210141620   教育系资料室/ [索取号:B250.5/64:22] 在馆    
5 1014163   210141639   第一借阅区/ [索取号:B250.5/64:22] 在馆    
6 1014164   210141648   第一借阅区/ [索取号:B250.5/64:22] 在馆    
唐山师范学院图书馆 欢迎您!
大连网信软件有限公司© 版权所有